00568nam a22001937a 450000500170000001000130001702000100003003500130004003700160005304000120006908200160008110000160009724500640011326000670017727000740024430000200031865000220033865000140036020170124105934.0 aA-763872 c00.00 aA-763872 bCen Lib/Ret aDPLbEN a342.54bSAW aSawant P .B aSocialism under the Indian Constitution /cby P. B. Sawant  aLake View RoadbSociety for Community Organisation Trustc200? aJustice Bhagwati Bhavan, Lake View Road, K. K. NagarbMaduraie625020 a115p.c19cm(Hb) aPolitical science aSocialism